Name a Valid Answer - Premier League - Statistics

General Stats
  • This quiz has been taken 310 times
  • The average score is 15 of 20
Answer Stats
Category Answer % Correct
Team that has never been relegated Arsenal | Liverpool | Manchester United | Tottenham Hotspur | Chelsea | Everton
99%
Team that has won the league not part of the 'Big Six' Leicester City | Blackburn Rovers
97%
Player who has scored over 200 goals Alan Shearer | Wayne Rooney | Harry Kane
96%
Non-European player who has scored over 100 goals Sergio Aguero | Mohamed Salah | Dwight Yorke | Son Heung-Min | Sadio Mane | Didier Drogba
92%
Manager who has won the league more than twice Sir Alex Ferguson | Pep Guardiola | Jose Mourinho | Arsene Wenger
91%
African golden boot winner Didier Drogba | Mohamed Salah | Pierre-Emerick Aubameyang | Sadio Mané
90%
Player who has won the Ballon d'Or whilst playing in the league Michael Owen | Cristiano Ronaldo
90%
Stadium with a capacity of over 60,000 Old Trafford | Tottenham Hotspur Stadium | Emirates Stadium | London Stadium
87%
Defender who has won Premier League Player of the Season Nemanja Vidic | Vincent Kompany | Virgil van Dijk | Ruben Dias
84%
Player signing from or to a Premier League team that broke the world transfer record Alan Shearer | Cristiano Ronaldo | Gareth Bale | Paul Pogba
80%
Player Liverpool have bought from Southampton Peter Crouch | Rickie Lambert | Adam Lallana | Dejan Lovren | Nathaniel Clyne | Sadio Mané | Virgil van Dijk
77%
Player who has got 20 assists in a season Kevin de Bruyne | Thierry Henry
76%
Goalkeeper who has won the Golden Glove more than once (since 2004) Pepe Reina | Petr Cech | Joe Hart | Ederson
75%
European competition that can be qualified through Premier League placement Champions League | Europa League | Europa Conference League
71%
Team that has been relegated more than four times Norwich City | West Bromwich Albion
66%
Manager who has managed five or more Premier League teams Sam Allardyce | Mark Hughes | Alan Pardew | Roy Hodgson | Harry Redknapp
52%
Referee who has officiated more than 300 games Mike Dean | Andre Marriner | Anthony Taylor | Phil Dowd
44%
Current team not named for a geographical location Arsenal
38%
English city with a population of over 300,000 that has never had a Premier League team Bristol
32%
Current team not located in a city Bournemouth | Luton Town | Burnley
31%
No matching quizzes found
Score Distribution
Percent of People with Each Score
Percentile by Number Answered
Your Score History
You have not taken this quiz